Normal view
MARC view
- إسماعيل، عمر مصطفى جبر
Entry Personal Name
001 - CONTROL NUMBER
- control field: 30650
003 - CONTROL NUMBER IDENTIFIER
- control field: JO-AjAnu
005 - DATE AND TIME OF LATEST TRANSACTION
- control field: 20230606075153.0
008 - FIXED-LENGTH DATA ELEMENTS
- fixed length control field: 230606|| aca||aabn | a|a d
040 ## - CATALOGING SOURCE
- Original cataloging agency: JO-AjAnu
- Transcribing agency: JO-AjAnu
100 ## - HEADING--PERSONAL NAME
- Personal name: إسماعيل، عمر مصطفى جبر
670 ## - SOURCE DATA FOUND
- Source citation: Work cat.: (JO-AjAnu)15743: إسماعيل، عمر مصطفى جبر, author, ضمانات الإستثمار في الفقه الإسلامي وتطبيقاتها المعاصرة